Statistiques concernant TOTS FIFA23-LIGA SANTANDER

Cliquez ici pour prendre le quiz!

Statistiques générales

  • Ce quiz a été pris 147 fois
  • Le résultat moyen est 12 sur 15

Statistiques - réponses

INDICEREPONSE% Correct
GK-BARCELONETER STEGEN
100%
DC-REAL MADRIDMILITAO
94%
MC-REAL MADRIDMODRIC
94%
AT-REAL MADRIDBENZEMA
93%
BU-BARCELONELEWANDOWSKI
93%
AG-REAL MADRIDVINICIUS
93%
DG-BARCELONEBALDE
89%
BU-ATLETICOGRIEZMANN
89%
MC-BARCELONEPEDRI
89%
DC-BARCELONEKOUNDE
83%
MC-REAL MADRIDVALVERDE
80%
DD-ATLETICOMOLINA
61%
MC-REAL SOCIEDADMERINO
53%
DC-OSSAUANAGARCIA
32%
MC-CELTA VIGOGABRI VEIGA
22%

Distribution des résultats

Percentile par nombre de réponses

% des personnes avec chaque résultat

Votre développement - résultats

Vous n’avez pas pris ce quiz